The statistical analysis of spatial pattern

Збережено в:
Бібліографічні деталі
Автор: Bartlett, M. S (Автор)
Формат: Книга
Мова:Англійська
Опубліковано: Londres Chapman and Hall 1975
Серія:Monographs on Applied Probability and Statics
Предмети:
Теги: Додати тег
Немає тегів, Будьте першим, хто поставить тег для цього запису!

MARC

LEADER 00000nam a2200000 a 4500
001 UCP0032
003 CL-VaPUC
008 990128e19750000UK |||||||||||||||||eng|d
082 0 4 |a 519.53  |b BAR  |2 21 
100 0 |a Bartlett, M. S  |e author  |9 424847 
245 1 4 |a The statistical analysis of spatial pattern 
300 |a 90 p 
942 |c BK 
945 |d 19990128 00:00:00  |a crobeson 
260 |a Londres  |b Chapman and Hall  |c 1975 
650 0 |a Análisis espacial   |9 270828 
650 0 |a Modelos Estocasticos  |9 384810 
650 0 |a Análisis de procesos continuos   |9 424848 
650 0 |a Análisis de procesos puntuales  |9 424849 
650 0 |a Análisis de procesos de entrelazamiento   |9 424850 
583 |a last modification  |c 19990128 00:00:00  |k Rodrigo Vera 
490 0 |a Monographs on Applied Probability and Statics 
999 |c 278918  |d 278916 
952 |0 0  |1 0  |4 0  |6 519_530000000000000_BAR_1975  |7 0  |8 A  |9 317733  |a BIBGIM  |b BIBGIM  |d 2019-11-20  |i 1320564  |o 519.53 BAR 1975  |p 1320564  |r 2025-01-15  |w 2019-11-20  |y BK  |k EST